| 000 | 00459nam a2200157 i 4500 | ||
|---|---|---|---|
| 001 | 42439 | ||
| 003 | ES-MaACL | ||
| 007 | t| | ||
| 008 | 030324s1906 ho ||||1| spa d | ||
| 110 | 2 |
_aHonduras. _94586 |
|
| 240 | 1 | 0 | _aCódigo penal, 1906 |
| 245 | 1 | 0 |
_aRepública de Honduras _b: código penal. |
| 260 |
_aTegucigalpa : _b[s.n.], _c1906 ( _fTip. Nacional) |
||
| 300 |
_aIV, 142 p. ; _c27 cm. |
||
| 852 |
_aES-MaACL _jG-3331 _q. - Encuadernado con otras obras |
||
| 999 |
_c42439 _d42439 |
||